Barron’s GMAT : How to prepare for the Graduate Management Admission Test / (Record no. 8690)
[ view plain ]
| 000 -LEADER | |
|---|---|
| fixed length control field | 01244nac a22002771u 4500 |
| 020 ## - INTERNATIONAL STANDARD BOOK NUMBER | |
| International Standard Book Number | 0764113739 : |
| 020 ## - INTERNATIONAL STANDARD BOOK NUMBER | |
| International Standard Book Number | 0764174592 : |
| 082 ## - DEWEY DECIMAL CLASSIFICATION NUMBER | |
| Classification number | 650.076 |
| Item number | JAF |
| 090 ## - LOCALLY ASSIGNED LC-TYPE CALL NUMBER (OCLC); LOCAL CALL NUMBER (OCLC) | |
| -- | 8690 |
| -- | 8690 |
| 100 ## - MAIN ENTRY--PERSONAL NAME | |
| Personal name | Jaffe, Eugene D. |
| 245 ## - TITLE STATEMENT | |
| Title | Barron’s GMAT : How to prepare for the Graduate Management Admission Test / |
| Remainder of title | How to prepare for the Graduate Management Admission Test / |
| Statement of responsibility, etc | Eugene D. Jaffe and Stephen Hilbert |
| 246 ## - VARYING FORM OF TITLE | |
| Title proper/short title | How to prepare for the Graduate Management Admission Test |
| Remainder of title | GMAT |
| 250 ## - EDITION STATEMENT | |
| Edition statement | 12th ed. |
| 260 ## - PUBLICATION, DISTRIBUTION, ETC. (IMPRINT) | |
| Place of publication, distribution, etc | Hauppauge, NY : |
| Name of publisher, distributor, etc | Barron’s Educational Series,2001. |
| Date of publication, distribution, etc | c2001. |
| 300 ## - PHYSICAL DESCRIPTION | |
| Extent | x,577p.: |
| Other physical details | ill.; |
| Dimensions | 24cm. |
| 500 ## - GENERAL NOTE | |
| General note | Distributer: Al-Ahram |
| 504 ## - BIBLIOGRAPHY, ETC. NOTE | |
| Bibliography, etc | Includes bibliographical references. |
| 511 ## - PARTICIPANT OR PERFORMER NOTE | |
| Participant or performer note | Catalogued by: Sara |
| 650 ## - SUBJECT ADDED ENTRY--TOPICAL TERM | |
| Topical term or geographic name as entry element | Graduate Management Admission Test--Study guides. |
| 650 ## - SUBJECT ADDED ENTRY--TOPICAL TERM | |
| Topical term or geographic name as entry element | Management--Examinations, questions, etc. |
| 650 ## - SUBJECT ADDED ENTRY--TOPICAL TERM | |
| Topical term or geographic name as entry element | Business schools--Entrance examinations--Study guides. |
| 650 ## - SUBJECT ADDED ENTRY--TOPICAL TERM | |
| Topical term or geographic name as entry element | Universities and colleges--Graduate work--Examinations--Study guides. |
| 700 ## - ADDED ENTRY--PERSONAL NAME | |
| Personal name | Hilbert, Stephen |
| 942 ## - ADDED ENTRY ELEMENTS (KOHA) | |
| Item type | Book - Borrowing |
| Call number prefix | 650.076JAF |
| Withdrawn status | Item status | Damaged status | Not for loan | Home library | Current library | Shelving location | Date acquired | Source of acquisition | Total Checkouts | Total Renewals | Full call number | Barcode | Checked out | Date last seen | Date last borrowed | Koha item type |
|---|---|---|---|---|---|---|---|---|---|---|---|---|---|---|---|---|
| Central Library | Central Library | First floor | 18/03/2008 | Purchase | 4 | 3 | 650.076JAF | 000010627 | 02/12/2021 | 05/11/2009 | 05/11/2009 | Book - Borrowing |